000
00319 a2200109 4500
001
ART_6755
005
20260410161621.0
008
260409a
245
1
0
_a
NIIF y toma de decisiones. Análisis por sectores
100
1
_a
García Fronti, Inés M.
773
0
_t
Enfoques
_g
- Nº 4 (abr. 2010)
_w
REV416
999
_c
11526
_d
11526